000 00992nam a2200277 i 4500
001 bg
003 BPK
005 20191218144304.0
008 000114s1981 pl a f f |000 0 pol
015 _aPB 1981/2929
020 _a8301024623
040 _aWA N
_cBPK
041 0 _apol
080 _a628.1/.8-52
080 _a(075.8)
100 1 _aChmielnicki, Witold.
245 1 0 _aAutomatyzacja i dynamika procesów w inżynierii sanitarnej :
_b[skrypt dla studentów wyższych szkół technicznych] /
_cWitold Chmielnicki, Leon Kołodziejczyk.
260 _aWarszawa ;
_aŁódź :
_bPańst. Wydaw. Naukowe,
_c1981.
300 _a292 s. :
_bil., tab., wykr. ;
_c24 cm.
504 _aBibliogr. s. 291-292.
650 4 _aTechnika sanitarna
_xautomatyzacja.
655 4 _aPodręczniki akademickie
700 1 _aKołodziejczyk, Leon
_eAutor
856 _uhttp://koha.tu.koszalin.pl/cgi-bin/koha/opac-detail.pl?biblionumber=19915
_yKatalog online BPK
942 _2UKD
_cKS
999 _c19915
_d19915